[Event "SR 1. liga zapad 2010/2011"]
[Site "?"]
[Date "2010.11.06"]
[Round "1.3"]
[White "Lanc, Alois"]
[Black "Pacher, Milan"]
[Result "1-0"]
[WhiteElo "2399"]
[BlackElo "2399"]
[PlyCount "43"]
[EventDate "2010.??.??"]

1. e4 e5 2. Nf3 Nc6 3. Bc4 Bc5 4. d3 Nf6 5. O-O d6 6. h3 Be6 7. Bxe6 fxe6 8. c3
O-O 9. b4 Bb6 10. Nbd2 Nh5 11. Nc4 Qf6 12. a4 d5 13. Nxb6 axb6 14. b5 dxe4 15.
Ng5 Qg6 16. bxc6 exd3 17. cxb7 Rad8 18. Nxe6 Qxe6 19. Qxh5 d2 20. Ba3 Rf5 21.
Qe2 Qd5 22. Rad1 1-0

[Event "SR 1. liga zapad 2010/2011"]
[Site "?"]
[Date "2010.11.06"]
[Round "1.3"]
[White "Miklas, Marian"]
[Black "Vlcek, Stanislav"]
[Result "0-1"]
[WhiteElo "2139"]
[BlackElo "2257"]
[PlyCount "96"]
[EventDate "2010.??.??"]

1. Nf3 g6 2. g3 Bg7 3. Bg2 d6 4. d4 Nf6 5. c4 O-O 6. O-O Nbd7 7. Nc3 e5 8. e4
c6 9. Re1 a5 10. h3 exd4 11. Nxd4 Re8 12. Be3 a4 13. Qc2 Qa5 14. Rab1 Qb4 15.
b3 Nc5 16. Bd2 axb3 17. axb3 Qb6 18. Be3 Qb4 19. Bd2 Qb6 20. Be3 Qb4 21. Bd2
Qa3 22. b4 Ne6 23. Nde2 Nd7 24. Rb3 Qa6 25. Nb1 Qa2 26. Qd1 Ne5 27. Bc3 Nxc4
28. Bxg7 Kxg7 29. b5 Qa5 30. Nd4 Qa7 31. bxc6 Nxd4 32. cxb7 Bxb7 33. Rxb7 Qxb7
34. Qxd4+ Kg8 35. Qxc4 Ra1 36. e5 Qb2 37. e6 Rxe6 38. Rxe6 Qxb1+ 39. Bf1 Qxf1+
40. Qxf1 Rxf1+ 41. Kxf1 fxe6 42. Ke2 Kf7 43. Ke3 e5 44. f4 exf4+ 45. Kxf4 Ke6
46. Ke4 d5+ 47. Kd4 g5 48. g4 Kd6 0-1

[Event "SR 1. liga zapad 2010/2011"]
[Site "?"]
[Date "2010.11.06"]
[Round "1.3"]
[White "Nicolini, Alexander"]
[Black "Schwarz, Dusan"]
[Result "1-0"]
[WhiteElo "2152"]
[BlackElo "2294"]
[PlyCount "55"]
[EventDate "2010.??.??"]

1. e4 c5 2. Nf3 e6 3. c3 Nf6 4. e5 Nd5 5. d4 cxd4 6. cxd4 b6 7. Nc3 Nxc3 8.
bxc3 Qc7 9. Bd2 d6 10. Bd3 Nd7 11. exd6 Bxd6 12. O-O Bb7 13. h3 Nf6 14. Qe2 O-O
15. Rfe1 Rac8 16. Ne5 Rfd8 17. a4 Nd5 18. Rac1 Bf8 19. h4 Re8 20. Qg4 Nf6 21.
Qh3 Qd6 22. Bg5 Be7 23. h5 Nd5 24. Bd2 Rc7 25. Nxf7 Kxf7 26. Bxh7 Bc8 27. Bg6+
Kf8 28. h6 1-0

[Event "SR 1. liga zapad 2010/2011"]
[Site "?"]
[Date "2010.11.06"]
[Round "1.3"]
[White "Pinter, Erik"]
[Black "Drtina, Milan"]
[Result "1-0"]
[WhiteElo "2379"]
[BlackElo "2247"]
[PlyCount "87"]
[EventDate "2010.??.??"]

1. e4 e5 2. Nf3 Nc6 3. Bb5 a6 4. Ba4 Nf6 5. O-O Be7 6. Re1 b5 7. Bb3 d6 8. c3
Na5 9. Bc2 c5 10. d4 Qc7 11. Nbd2 Bd7 12. Nf1 Rc8 13. Bd3 Nc6 14. d5 Nd8 15. c4
O-O 16. Ne3 Ne8 17. Nf5 Bxf5 18. exf5 Rb8 19. g4 f6 20. b3 Nf7 21. h4 Qd8 22.
Kh2 Nc7 23. Rg1 h6 24. Nd2 a5 25. Ne4 Rb7 26. Qe2 bxc4 27. bxc4 Na6 28. a3 Nb8
29. Bc2 Nd7 30. Ng3 Qc7 31. Nh5 Rfb8 32. Qe4 Qd8 33. Rg3 Kf8 34. Bd2 Ra7 35.
Rf1 a4 36. Bc1 Rbb7 37. f4 exf4 38. Nxf4 Kg8 39. Ne6 Qe8 40. g5 Nxg5 41. hxg5
hxg5 42. Rh3 Qf7 43. Rh1 Bf8 44. Nd8 1-0

[Event "SR 1. liga zapad 2010/2011"]
[Site "?"]
[Date "2010.11.06"]
[Round "1.4"]
[White "Bednar, Jan"]
[Black "Diviak, Rastislav"]
[Result "1-0"]
[WhiteElo "2104"]
[BlackElo "2014"]
[PlyCount "153"]
[EventDate "2010.??.??"]

1. d4 d5 2. c4 c6 3. Nf3 Nf6 4. Nc3 e6 5. Bg5 Nbd7 6. e3 Qa5 7. Qc2 Bb4 8. Nd2
dxc4 9. Bxf6 Nxf6 10. Nxc4 Qc7 11. a3 Be7 12. b4 Bd7 13. Bd3 O-O 14. O-O h6 15.
e4 Rfd8 16. Rac1 Rac8 17. Qe2 Be8 18. Rfd1 Qb8 19. e5 Nd5 20. Qe4 g6 21. Ne3 a5
22. Ncxd5 cxd5 23. Qg4 Rxc1 24. Rxc1 Rc8 25. Rb1 Qc7 26. h4 h5 27. Qh3 axb4 28.
axb4 Qc3 29. Bxg6 Qxd4 30. Bxh5 Qxh4 31. Nxd5 Qxh3 32. Nxe7+ Kf8 33. gxh3 Kxe7
34. Bf3 b6 35. Ra1 Rc4 36. Rb1 Rc3 37. Kg2 Bb5 38. Re1 Rb3 39. Rc1 Rxb4 40.
Rc7+ Kf8 41. Kg3 Rb3 42. Kf4 Rd3 43. h4 Kg7 44. Bh5 Rd7 45. Rxd7 Bxd7 46. Kg5
Bb5 47. Bd1 Bd3 48. h5 b5 49. Bb3 Bf5 50. Bd1 Bd3 51. Kf4 f6 52. Ke3 Bc4 53. f4
fxe5 54. fxe5 Kh6 55. Kd4 Kg5 56. Kc5 Kf5 57. Kd4 Ba2 58. Bc2+ Kg5 59. Kc5 Bc4
60. Bg6 Be2 61. Be8 Bxh5 62. Bxb5 Bg4 63. Kd6 Kg6 64. Be8+ Kg7 65. Ke7 Bf5 66.
Bd7 Be4 67. Bxe6 Bc6 68. Kd6 Ba4 69. Bd5 Kf8 70. e6 Be8 71. e7+ Kg7 72. Kc7 Kf6
73. Kd8 Bh5 74. Bc6 Bg6 75. Be8 Be4 76. Bh5 Bc6 77. Bg4 1-0

[Event "SR 1. liga zapad 2010/2011"]
[Site "?"]
[Date "2010.11.06"]
[Round "1.4"]
[White "Bury, Rastislav"]
[Black "Machalova, Maria"]
[Result "1/2-1/2"]
[WhiteElo "2183"]
[BlackElo "2190"]
[PlyCount "88"]
[EventDate "2010.??.??"]

1. e4 c5 2. Nf3 Nc6 3. d4 cxd4 4. Nxd4 g6 5. Be3 Bg7 6. Nc3 Nf6 7. Bc4 O-O 8.
Bb3 d6 9. h3 Bd7 10. O-O Nxd4 11. Bxd4 Bc6 12. Re1 e5 13. Be3 Nxe4 14. Nxe4
Bxe4 15. Qd2 Qc7 16. Rad1 d5 17. f3 Bf5 18. Qxd5 Bxc2 19. Rc1 Bxb3 20. Qxb3 Qa5
21. Red1 Rad8 22. Rxd8 Rxd8 23. Qxb7 Qxa2 24. Bg5 Re8 25. Rc8 Qe6 26. Rxe8+
Qxe8 27. Qxa7 h6 28. Qe7 Qb5 29. Bc1 Qc4 30. Qd8+ Kh7 31. Bd2 e4 32. Bc3 Bxc3
33. bxc3 Qxc3 34. Qd5 Qc1+ 35. Kf2 Qf4 36. Qxe4 Qxe4 37. fxe4 Kg7 38. e5 f6 39.
exf6+ Kxf6 40. Kf3 Kf5 41. g3 h5 42. h4 g5 43. hxg5 Kxg5 44. Kf2 Kg4 1/2-1/2

[Event "SR 1. liga zapad 2010/2011"]
[Site "?"]
[Date "2010.11.06"]
[Round "1.4"]
[White "Cajka, Tibor"]
[Black "Kovac, Andrej"]
[Result "1-0"]
[WhiteElo "2104"]
[BlackElo "2117"]
[PlyCount "43"]
[EventDate "2010.??.??"]

1. d4 Nf6 2. Bg5 Ne4 3. Bf4 c5 4. e3 Qb6 5. Nc3 Nxc3 6. bxc3 d5 7. Rb1 Qa5 8.
Bb5+ Nc6 9. Ne2 e6 10. O-O Be7 11. e4 c4 12. Re1 O-O 13. exd5 exd5 14. Bxc6
bxc6 15. Ng3 Be6 16. Rb7 Rfe8 17. Rxe6 fxe6 18. Qg4 Qxc3 19. Be5 g6 20. Qxe6+
Kf8 21. Bd6 Kg7 22. Bxe7 1-0

[Event "SR 1. liga zapad 2010/2011"]
[Site "?"]
[Date "2010.11.06"]
[Round "1.4"]
[White "Likavsky, Tomas"]
[Black "Maslik, Miroslav"]
[Result "1-0"]
[WhiteElo "2466"]
[BlackElo "2402"]
[PlyCount "133"]
[EventDate "2010.??.??"]

1. d4 Nf6 2. c4 c5 3. d5 e6 4. Nc3 exd5 5. cxd5 d6 6. e4 g6 7. f4 Bg7 8. Bb5+
Nfd7 9. a4 O-O 10. Nf3 Na6 11. O-O Nc7 12. Bd3 a6 13. Kh1 Rb8 14. f5 Ne5 15.
Bg5 Bf6 16. Bxf6 Qxf6 17. Qd2 Ne8 18. Nxe5 Qxe5 19. Ne2 Bd7 20. Ng1 Qg7 21. b4
Rc8 22. Nf3 c4 23. Bc2 c3 24. Qe3 Rc7 25. Ra3 Bc8 26. Qd3 Bd7 27. Nd4 Nf6 28.
Rxc3 Rxc3 29. Qxc3 Rc8 30. Qd3 Ng4 31. h3 Ne5 32. Qd2 Qf6 33. Bb3 Qh4 34. Qe3
Nc4 35. Qe2 Ne5 36. Qe3 Nc4 37. Qe2 Ne5 38. Nf3 Qg3 39. Nxe5 Qxe5 40. f6 h6 41.
Qe3 g5 42. Bd1 Rc4 43. Qb6 Rxe4 44. Qxb7 Re1 45. Qxa6 Qg3 46. a5 Qf2 47. Qa8+
Kh7 48. Bc2+ Qxc2 49. Rxe1 Qf2 50. Rg1 Bxh3 51. Qe8 Be6 52. Rd1 Qe2 53. Rc1 Qd2
54. Qc6 Bf5 55. Qc3 Qf4 56. Rd1 Be4 57. Qd2 Qxf6 58. Kg1 g4 59. Rf1 Qg6 60. Rf4
g3 61. Qe3 Bxd5 62. a6 Qb1+ 63. Rf1 Qg6 64. a7 Qg4 65. Qf4 Qe2 66. Qf5+ Kg7 67.
Qxd5 1-0

[Event "SR 1. liga zapad 2010/2011"]
[Site "?"]
[Date "2010.11.06"]
[Round "1.4"]
[White "Machalova, Erika"]
[Black "Polasek, Filip"]
[Result "0-1"]
[WhiteElo "2131"]
[BlackElo "2104"]
[PlyCount "80"]
[EventDate "2010.??.??"]

1. d4 d5 2. c4 e6 3. Nc3 Nf6 4. Bg5 Nbd7 5. e3 Be7 6. Nf3 b6 7. cxd5 Nxd5 8.
Nxd5 exd5 9. Bxe7 Qxe7 10. Rc1 O-O 11. Rxc7 Qb4+ 12. Qd2 Qd6 13. Rc1 Nf6 14.
Bd3 Ne4 15. Qc2 Qb4+ 16. Ke2 Bg4 17. Bxe4 dxe4 18. Qxe4 Qxb2+ 19. Qc2 Qb5+ 20.
Qd3 Qd5 21. Qb3 Qb7 22. Qa3 f5 23. Rc3 f4 24. Qb3+ Kh8 25. d5 fxe3 26. fxe3 Qf7
27. e4 Rae8 28. Re3 Qg6 29. Qb1 Bxf3+ 30. gxf3 Qg2+ 31. Kd3 Rxf3 32. Rxf3 Qxf3+
33. Kd4 Qf2+ 34. Kd3 Rf8 35. Qg1 Rf3+ 36. Kc4 Qc2+ 37. Kb5 Qd3+ 38. Kc6 Rf6+
39. Kb7 Rf7+ 40. Kb8 Qa6 0-1

[Event "SR 1. liga zapad 2010/2011"]
[Site "?"]
[Date "2010.11.06"]
[Round "1.4"]
[White "Machalova, Veronika"]
[Black "Gasa, Andrej"]
[Result "1/2-1/2"]
[WhiteElo "2233"]
[BlackElo "2256"]
[PlyCount "82"]
[EventDate "2010.??.??"]

1. e4 c5 2. Nf3 Nc6 3. d3 g6 4. g3 Bg7 5. Bg2 e6 6. O-O Nge7 7. c3 O-O 8. Be3
b6 9. d4 cxd4 10. Nxd4 Bb7 11. f4 Bh6 12. Bf2 d5 13. e5 Nxd4 14. Bxd4 Nc6 15.
Na3 Nxd4 16. Qxd4 Qd7 17. Nc2 Rfd8 18. Ne3 Rac8 19. Rad1 Qe7 20. g4 Qc5 21. Kh1
Qxd4 22. Rxd4 Bf8 23. Nc2 Ba6 24. Re1 Bc4 25. a3 Bb3 26. Na1 Bc4 27. Rd2 Bh6
28. g5 Bf8 29. Nc2 h6 30. h4 hxg5 31. hxg5 Kg7 32. Kh2 Bc5 33. Kg3 Bb3 34. Nd4
Bxd4 35. Rxd4 a5 36. Bf1 Rh8 37. Bg2 Kf8 38. Rh1 Ke7 39. Rxh8 Rxh8 40. Kf2 Kd7
41. Rd3 Rh4 1/2-1/2

[Event "SR 1. liga zapad 2010/2011"]
[Site "?"]
[Date "2010.11.06"]
[Round "1.4"]
[White "Pagerka, Martin"]
[Black "Federic, Jozef"]
[Result "1/2-1/2"]
[WhiteElo "2260"]
[BlackElo "2283"]
[PlyCount "88"]
[EventDate "2010.??.??"]

1. e4 c5 2. Nf3 e6 3. d4 cxd4 4. Nxd4 Nf6 5. Nc3 Nc6 6. Ndb5 Bb4 7. a3 Bxc3+ 8.
Nxc3 d5 9. exd5 exd5 10. Bd3 O-O 11. O-O d4 12. Ne2 Bg4 13. Re1 Re8 14. Bg5 Qd6
15. Qd2 Bxe2 16. Bf4 Qd7 17. Bxe2 Ne4 18. Qd3 Nc5 19. Qb5 Re4 20. Qxc5 Rxf4 21.
Bd3 Rf6 22. Re2 Re8 23. Bf5 Qd8 24. Rae1 Rxe2 25. Rxe2 g6 26. Bd3 Qd6 27. Qxd6
Rxd6 28. f4 Kf8 29. Kf2 Ne7 30. Be4 f5 31. Bf3 Rb6 32. b4 Ra6 33. Bxb7 Rxa3 34.
Rd2 Ra2 35. Ke2 Rb2 36. Rxd4 Rxc2+ 37. Kd3 Rc7 38. Bf3 Nc8 39. h3 Ke7 40. g4
fxg4 41. hxg4 Nd6 42. Bd1 Rc1 43. Kd2 Rc4 44. Kd3 Rc1 1/2-1/2

[Event "SR 1. liga zapad 2010/2011"]
[Site "?"]
[Date "2010.11.06"]
[Round "1.4"]
[White "Rohacek, Miroslav"]
[Black "Meszaros, Michal"]
[Result "0-1"]
[WhiteElo "2277"]
[BlackElo "2409"]
[PlyCount "150"]
[EventDate "2010.??.??"]

1. e4 c5 2. Nf3 d6 3. Bb5+ Bd7 4. Bxd7+ Qxd7 5. O-O g6 6. d4 cxd4 7. Nxd4 Nf6
8. Qe2 Bg7 9. Rd1 O-O 10. c4 Rc8 11. Nc3 Nc6 12. Nc2 Qe8 13. Bd2 Nd7 14. Rac1
a5 15. Na4 Rab8 16. Bc3 Nc5 17. Nb6 Bxc3 18. bxc3 Rd8 19. f4 e6 20. Nd4 Qe7 21.
Rf1 f5 22. exf5 gxf5 23. Rce1 Re8 24. Qf3 Qc7 25. Rb1 Kh8 26. Rfe1 Ne4 27. Rxe4
fxe4 28. Qxe4 Nxd4 29. cxd4 Re7 30. Qe1 a4 31. Qb4 Qc6 32. d5 exd5 33. Qc3+ d4
34. Qxd4+ Rg7 35. Rb2 Re8 36. Kf1 a3 37. Rd2 Re4 38. Qf6 Qe8 39. Nd5 Qg6 40.
Qc3 Qe6 41. Qxa3 Rxc4 42. Qb2 h5 43. Qb3 Rc1+ 44. Rd1 Rxg2 45. Kxg2 Qe2+ 46.
Kg3 Qg4+ 47. Kf2 Qxd1 48. Qb2+ Kg8 49. Ne3 Qg1+ 50. Kf3 Qh1+ 51. Kg3 h4+ 52.
Kg4 Rg1+ 53. Kf5 Qf3 54. Qb3+ Kf8 55. Qb6 Qh3+ 56. Ke4 Qe6+ 57. Kf3 Qd7 58. Qd4
Qh3+ 59. Ke4 Qe6+ 60. Kf3 Rg7 61. a4 Qh3+ 62. Ke4 Qe6+ 63. Kf3 h3 64. Qb6 Qd7
65. Qd4 Ke8 66. f5 Kd8 67. Kf4 Rf7 68. f6 Qe6 69. Ng4 Rc7 70. Kg5 Rc5+ 71. Kh6
Rc4 72. Qb6+ Kc8 73. Qe3 Qxg4 74. Qe8+ Kc7 75. Qf7+ Kb6 0-1

[Event "SR 1. liga zapad 2010/2011"]
[Site "?"]
[Date "2010.11.06"]
[Round "1.5"]
[White "Cambel, Vladimir"]
[Black "Pereszlenyi, Gejza"]
[Result "0-1"]
[WhiteElo "2029"]
[BlackElo "2022"]
[PlyCount "40"]
[EventDate "2010.??.??"]

1. Nf3 Nf6 2. c4 g6 3. g3 Bg7 4. Bg2 c6 5. O-O O-O 6. d4 d5 7. Nc3 b6 8. Bf4
Bb7 9. Rc1 Na6 10. Ne5 Nh5 11. Qd2 Nxf4 12. Qxf4 f6 13. Ng4 h5 14. Ne3 e5 15.
Qh4 exd4 16. cxd5 c5 17. g4 f5 18. Nxf5 gxf5 19. Qxh5 dxc3 20. g5 Qe8 0-1

[Event "SR 1. liga zapad 2010/2011"]
[Site "?"]
[Date "2010.11.06"]
[Round "1.5"]
[White "Gorusa, Miroslav"]
[Black "Janos, Ivan"]
[Result "1-0"]
[WhiteElo "2136"]
[BlackElo "2152"]
[PlyCount "89"]
[EventDate "2010.??.??"]

1. d4 Nf6 2. c4 c5 3. Nf3 cxd4 4. Nxd4 e5 5. Nb5 d5 6. cxd5 Bc5 7. e3 O-O 8.
N5c3 e4 9. a3 Bf5 10. b4 Bd6 11. h3 a5 12. b5 Nbd7 13. Bb2 Rc8 14. Nd2 Be5 15.
Rc1 Nb6 16. Qb3 Nfxd5 17. Nxd5 Rxc1+ 18. Bxc1 a4 19. Qa2 Nxd5 20. Bc4 Nc3 21.
Qc2 Qg5 22. Bb2 Qxg2 23. Rf1 Bxh3 24. Bxc3 Bxc3 25. Qxc3 Rc8 26. Qe5 Qg4 27.
Rh1 Qd7 28. Rg1 g6 29. Nxe4 Qc7 30. Nf6+ Kh8 31. Qxc7 Rxc7 32. Rh1 Rxc4 33.
Rxh3 h5 34. Kd2 Rc5 35. Rh4 Rxb5 36. Rxa4 Rb2+ 37. Ke1 Rb6 38. Ne4 Kg7 39. Rb4
Ra6 40. a4 Rc6 41. Rxb7 Rc4 42. Rxf7+ Kh6 43. Re7 Rxa4 44. f4 h4 45. Kf2 1-0

[Event "SR 1. liga zapad 2010/2011"]
[Site "?"]
[Date "2010.11.06"]
[Round "1.5"]
[White "Kubala, Jan"]
[Black "Pinter, Patrik"]
[Result "1/2-1/2"]
[WhiteElo "2230"]
[BlackElo "2189"]
[PlyCount "120"]
[EventDate "2010.??.??"]

1. e4 d6 2. d4 Nf6 3. Nc3 g6 4. Nf3 Bg7 5. Be2 O-O 6. O-O b6 7. Re1 Bb7 8. Bf1
c5 9. d5 Nfd7 10. Bf4 Na6 11. Qd2 Nc7 12. Rad1 Re8 13. Bc4 a6 14. a4 b5 15.
axb5 axb5 16. Nxb5 Ba6 17. Nxc7 Qxc7 18. Bxa6 Rxa6 19. c3 Rea8 20. Bg5 Nb6 21.
Qe2 Ra2 22. Rd2 Na4 23. Rc2 Qb7 24. g3 h6 25. Bc1 Qb3 26. Qd1 Nxb2 27. Bxb2
Rxb2 28. Rxb2 Qxb2 29. c4 Ra2 30. Rf1 Qc3 31. Re1 Qxc4 32. e5 Qc2 33. Qxc2 Rxc2
34. exd6 exd6 35. Re8+ Bf8 36. Kf1 g5 37. h3 f5 38. Ke1 Kf7 39. Rc8 Be7 40. Nd4
Rc4 41. Nxf5 Re4+ 42. Kd2 Re5 43. Ne3 h5 44. Kd3 g4 45. hxg4 hxg4 46. Rc7 Ke8
47. Nxg4 Rxd5+ 48. Ke4 Rd4+ 49. Kf5 Kd8 50. Ra7 c4 51. Ne3 c3 52. Ra3 Rd2 53.
f4 d5 54. Rxc3 d4 55. Rb3 dxe3 56. Rxe3 Ke8 57. g4 Kf7 58. g5 Rd5+ 59. Kg4 Bc5
60. Re4 Rd4 1/2-1/2

[Event "SR 1. liga zapad 2010/2011"]
[Site "?"]
[Date "2010.11.06"]
[Round "1.5"]
[White "Maros, Milan"]
[Black "Castiglione, Mario"]
[Result "0-1"]
[WhiteElo "2329"]
[BlackElo "2288"]
[PlyCount "90"]
[EventDate "2010.??.??"]

1. e4 g6 2. d4 Bg7 3. Nc3 c6 4. Be3 b5 5. Qd2 b4 6. Nce2 Nf6 7. f3 d6 8. Qxb4
O-O 9. Qd2 Qb6 10. c4 c5 11. d5 e6 12. Nc3 Na6 13. Rc1 Rb8 14. b3 Nb4 15. e5
Nd7 16. exd6 exd5 17. Nxd5 Nxd5 18. Qxd5 Re8 19. Kf2 Bb7 20. Qd2 Rxe3 21. Kxe3
Re8+ 22. Kf2 Bd4+ 23. Kg3 Qxd6+ 24. Kh3 Qe6+ 25. g4 h5 26. Bg2 Be3 27. Qd1
hxg4+ 28. fxg4 Bxg2+ 29. Kxg2 Qe4+ 30. Kh3 Bxc1 31. Qxd7 Re5 32. Qd1 Qxh1 33.
Qxc1 Qe4 34. Qd1 Kg7 35. Kg3 Qe3+ 36. Nf3 Re4 37. Qa1+ Kg8 38. Qf6 Rd4 39. h4
Rd2 40. h5 Qf2+ 41. Kf4 Rd3 42. Qc6 g5+ 43. Kxg5 Qxf3 44. Qc8+ Kh7 45. Qxc5 f6+
0-1

[Event "SR 1. liga zapad 2010/2011"]
[Site "?"]
[Date "2010.11.06"]
[Round "1.5"]
[White "Skreno, Vladimir"]
[Black "Turna, Stefan"]
[Result "0-1"]
[WhiteElo "2160"]
[BlackElo "2245"]
[PlyCount "174"]
[EventDate "2010.??.??"]

1. d4 Nf6 2. Nf3 g6 3. c4 c5 4. Nc3 cxd4 5. Nxd4 Bg7 6. e4 d6 7. Be2 O-O 8. O-O
Nc6 9. Be3 Bd7 10. Rc1 Qa5 11. a3 Rfc8 12. Nb3 Qd8 13. f3 Ne5 14. Nd2 a6 15.
Qb3 e6 16. Rfd1 Bc6 17. Na4 Ned7 18. Nb6 Nxb6 19. Bxb6 Qe7 20. Bd4 Bf8 21. Qe3
Nd7 22. Nb1 Qh4 23. Qd2 Nc5 24. Bf2 Qh5 25. Rc3 Ba4 26. Re1 Nb3 27. Qc2 Nc5 28.
b3 Bc6 29. Bd4 a5 30. Nd2 Nd7 31. Bf2 Bg7 32. Rd3 Bf8 33. f4 Qh6 34. f5 Ne5 35.
Rh3 Qg7 36. Bd4 Be7 37. fxe6 fxe6 38. Qc3 Bf6 39. Rf1 Rf8 40. c5 dxc5 41. Qxc5
Nd7 42. Bxf6 Nxc5 43. Bxg7 Kxg7 44. Rxf8 Rxf8 45. Bc4 Rd8 46. Nf1 Bxe4 47. Re3
Rd4 48. Ng3 Kf6 49. Ne2 Rd1+ 50. Kf2 Bc6 51. Nf4 e5 52. Nd3 Nxd3+ 53. Rxd3 Rxd3
54. Bxd3 e4 55. Bc2 Ke5 56. Ke3 g5 57. Bd1 Bd5 58. Bc2 h5 59. Bd1 h4 60. Bc2 b6
61. Bd1 Be6 62. Bc2 Bf5 63. Bd1 Kd5 64. Bh5 Ke5 65. Bd1 Kd5 66. Bh5 Bh7 67.
Bf7+ Kc5 68. Be6 Kd6 69. Bf7 Kc5 70. Be6 Bg6 71. Bg8 b5 72. Be6 Kd6 73. Bg4 Kd5
74. Be2 Kc5 75. Bd1 Bf5 76. Bc2 Kd5 77. Bd1 Kc5 78. Bc2 b4 79. a4 Kd5 80. Bd1
Ke5 81. Bc2 Bg4 82. g3 hxg3 83. hxg3 Bf3 84. Bb1 Bd1 85. Bxe4 Bxb3 86. Bc6 Bc2
87. Kd2 Be4 0-1

[Event "SR 1. liga zapad 2010/2011"]
[Site "?"]
[Date "2010.11.06"]
[Round "1.5"]
[White "Sosovicka, Juraj"]
[Black "Jancovic, Peter"]
[Result "1/2-1/2"]
[WhiteElo "2159"]
[BlackElo "2167"]
[PlyCount "119"]
[EventDate "2010.??.??"]

1. e4 c5 2. Nf3 e6 3. d4 cxd4 4. Nxd4 a6 5. Bd3 Bc5 6. Nb3 Ba7 7. Qe2 Nc6 8.
Be3 Qc7 9. Nc3 Nf6 10. Bxa7 Rxa7 11. O-O O-O 12. a4 d6 13. a5 Bd7 14. f4 Raa8
15. Qe1 b5 16. axb6 Qxb6+ 17. Qf2 Qxf2+ 18. Rxf2 Nb4 19. Rd2 Rfd8 20. Na5 Rab8
21. Be2 d5 22. e5 Ne8 23. Na2 Nc7 24. c3 Nxa2 25. Rxa2 Nb5 26. Bxb5 Bxb5 27.
Ra1 Rdc8 28. Nb3 g6 29. Nd4 Rb6 30. Ra3 Rc5 31. g3 Rb8 32. Kf2 Kf8 33. Ke3 Ke7
34. Rc2 Rb7 35. Rd2 Ke8 36. Rf2 Rc8 37. Rc2 Ke7 38. Rd2 Kd7 39. Nf3 Ke8 40. Nd4
Ke7 41. Rc2 Ke8 42. Kd2 Kd7 43. b4 Bc4 44. Rc1 h5 45. Ra5 Ke7 46. h3 Kd7 47.
Rh1 Rh8 48. Rc5 Rc7 49. Rxc7+ Kxc7 50. Nf3 Kd7 51. Ra1 Rc8 52. Nd4 Ke7 53. Kc2
Kd7 54. Kb2 Kc7 55. Nf3 Kb6 56. Kc2 Bb5 57. Kd2 Rc4 58. Nd4 Rc8 59. Nb3 Rc4 60.
Re1 1/2-1/2

[Event "SR 1. liga zapad 2010/2011"]
[Site "?"]
[Date "2010.11.06"]
[Round "1.5"]
[White "Valent, Ivan"]
[Black "Dlhy, Jozef"]
[Result "1-0"]
[WhiteElo "2235"]
[BlackElo "2075"]
[PlyCount "61"]
[EventDate "2010.??.??"]

1. e4 c6 2. d4 d5 3. Nc3 dxe4 4. Nxe4 Nd7 5. Nf3 Ngf6 6. Nxf6+ Nxf6 7. Bd3 Bg4
8. c3 e6 9. h3 Bh5 10. O-O Bd6 11. Bg5 Qc7 12. Qe2 Bg6 13. Rad1 Bxd3 14. Rxd3
Nd5 15. c4 Nf4 16. Bxf4 Bxf4 17. d5 O-O-O 18. g3 Bd6 19. dxe6 Rhe8 20. Ng5 f6
21. Nf7 Qxf7 22. Rxd6 Qe7 23. Rxd8+ Rxd8 24. Re1 Rd4 25. Qe3 c5 26. b4 b6 27.
bxc5 bxc5 28. Qf3 Kc7 29. Qa8 Kb6 30. Rb1+ Ka5 31. Qc6 1-0

[Event "SR 1. liga zapad 2010/2011"]
[Site "?"]
[Date "2010.11.06"]
[Round "1.5"]
[White "Zelovic, Marek"]
[Black "Oprea, Erik"]
[Result "1-0"]
[WhiteElo "2032"]
[BlackElo "2137"]
[PlyCount "139"]
[EventDate "2010.??.??"]

1. d4 d6 2. c4 c6 3. Nc3 Qc7 4. e4 e5 5. d5 Nf6 6. Nf3 Be7 7. Be2 Nbd7 8. O-O
Nf8 9. Bd2 Ng6 10. b4 h6 11. dxc6 bxc6 12. b5 c5 13. a4 Bb7 14. Bd3 Nf4 15.
Bxf4 exf4 16. Re1 Rd8 17. Ra2 O-O 18. Rae2 Nd7 19. Nd5 Bxd5 20. exd5 Bf6 21.
Qc2 Ne5 22. Be4 Rfe8 23. h3 Nxf3+ 24. Bxf3 Rxe2 25. Rxe2 Be5 26. Qd2 Kf8 27.
Re1 Qe7 28. Rb1 Qf6 29. Rb3 Re8 30. a5 Bd4 31. b6 Qe7 32. Kf1 Bf6 33. b7 Rb8
34. a6 Qe5 35. Rb1 Bd8 36. Re1 Qf6 37. Bg4 Bc7 38. Bd7 Rd8 39. Bc6 f3 40. Qe3
fxg2+ 41. Kxg2 Qe5 42. f4 Qxe3 43. Rxe3 Bb8 44. Kg3 Bc7 45. Kg4 Ba5 46. Ba4 g6
47. f5 h5+ 48. Kg3 gxf5 49. Rf3 Ke7 50. Rxf5 Be1+ 51. Kf4 h4 52. Rh5 Bd2+ 53.
Kf5 Be1 54. Rh7 Rf8 55. Bd1 Kd7 56. Kf6 Kc7 57. Ke7 Rb8 58. Rxf7 Bg3 59. Ba4
Rg8 60. Ke6+ Kb8 61. Kd7 Rh8 62. Ke7 Kc7 63. Be8 Be5 64. Ke6+ Kb8 65. Kd7 Rg8
66. Kd8 Rg7 67. Rf8 Rh7 68. Bf7 Rh8 69. Bg8 Bf6+ 70. Kd7+ 1-0

[Event "SR 1. liga zapad 2010/2011"]
[Site "?"]
[Date "2010.11.06"]
[Round "1.6"]
[White "Balogh, Tomas"]
[Black "Petran, Peter"]
[Result "1/2-1/2"]
[WhiteElo "2345"]
[BlackElo "2330"]
[PlyCount "27"]
[EventDate "2010.??.??"]

1. d4 g6 2. Nf3 Bg7 3. g3 d6 4. Bg2 c6 5. Nbd2 Nf6 6. e4 O-O 7. O-O Qc7 8. b3
b5 9. Bb2 Nfd7 10. c4 bxc4 11. Nxc4 Ba6 12. Re1 Bxc4 13. bxc4 Nb6 14. Rc1
1/2-1/2

[Event "SR 1. liga zapad 2010/2011"]
[Site "?"]
[Date "2010.11.06"]
[Round "1.6"]
[White "Farkas, Gabor"]
[Black "Kolcak, Marek"]
[Result "0-1"]
[WhiteElo "2225"]
[BlackElo "2146"]
[PlyCount "138"]
[EventDate "2010.??.??"]

1. e4 e6 2. d4 d5 3. Nc3 Bb4 4. e5 Ne7 5. a3 Bxc3+ 6. bxc3 c5 7. Qg4 O-O 8. Nf3
cxd4 9. cxd4 f5 10. Qh4 Ng6 11. Qxd8 Rxd8 12. Bg5 Rd7 13. c4 Nc6 14. cxd5 exd5
15. Bd3 Rc7 16. O-O Be6 17. Rfc1 Rac8 18. Rc5 b6 19. Rcc1 Na5 20. Rxc7 Rxc7 21.
Bd2 Nb3 22. Rd1 Nxd2 23. Nxd2 Nf4 24. Bb5 Bd7 25. Bxd7 Rxd7 26. Nf1 Ne2+ 27.
Kh1 Nc3 28. Rc1 Nb5 29. e6 Rc7 30. Re1 Re7 31. Re5 Nxd4 32. g3 Rxe6 33. Rxd5
Nc2 34. a4 g6 35. Rd7 a6 36. Rc7 Nb4 37. Ne3 Rc6 38. Rb7 Nd3 39. Nd5 Nc5 40.
Rb8+ Kf7 41. Nxb6 Ke6 42. Kg2 Ne4 43. a5 Rc5 44. Re8+ Kd6 45. Rh8 Kc6 46. Rxh7
Rxa5 47. Nc4 Ra2 48. Rh6 Kc5 49. Ne5 Nxf2 50. Kf3 g5 51. g4 Kd5 52. Nc6 Nxg4
53. Nb4+ Kc4 54. Rxa6 Nxh2+ 55. Kg3 f4+ 56. Kh3 g4+ 57. Kh4 Rxa6 58. Nxa6 g3
59. Kh3 Ng4 60. Nc7 Kd4 61. Kg2 Ke4 62. Ne6 Ne3+ 63. Kh3 Nf5 64. Ng5+ Ke3 65.
Kg2 Nh4+ 66. Kh3 g2 67. Kh2 Nf3+ 68. Nxf3 Kxf3 69. Kg1 Ke2 0-1

[Event "SR 1. liga zapad 2010/2011"]
[Site "?"]
[Date "2010.11.06"]
[Round "1.6"]
[White "Hacik, Radomir"]
[Black "Kleman, Miroslav"]
[Result "1/2-1/2"]
[WhiteElo "2176"]
[BlackElo "2266"]
[PlyCount "59"]
[EventDate "2010.??.??"]

1. e4 e5 2. Nf3 Nc6 3. Bb5 a6 4. Ba4 d6 5. c3 Bd7 6. O-O g6 7. d4 Bg7 8. Bg5 f6
9. Bh4 Nh6 10. Nbd2 Qe7 11. d5 Nb8 12. c4 O-O 13. Rc1 g5 14. Bg3 Bg4 15. Qb3
Nd7 16. Bxd7 Qxd7 17. c5 Rab8 18. cxd6 cxd6 19. Rc3 Rfc8 20. Rfc1 Rxc3 21. Rxc3
Rc8 22. Ne1 Rxc3 23. Qxc3 Qc8 24. f3 Qxc3 25. bxc3 Bd7 26. Nc4 Bf8 27. Bf2 Nf7
28. Nc2 Be7 29. Nb6 Be8 30. Ne3 1/2-1/2

[Event "SR 1. liga zapad 2010/2011"]
[Site "?"]
[Date "2010.11.06"]
[Round "1.6"]
[White "Havlicek, Libor"]
[Black "Vass, Frantisek"]
[Result "1-0"]
[WhiteElo "2330"]
[BlackElo "2317"]
[PlyCount "45"]
[EventDate "2010.??.??"]

1. d4 d5 2. Nf3 Nf6 3. g3 g6 4. Bg2 Bg7 5. O-O O-O 6. c4 e6 7. Qc2 Nbd7 8. Nbd2
b6 9. b4 Bb7 10. Bb2 Qe7 11. b5 Rfc8 12. cxd5 exd5 13. Qb3 Ne8 14. Rfc1 Nd6 15.
e3 a6 16. a4 axb5 17. axb5 Rxa1 18. Rxa1 Ra8 19. Rc1 Nf6 20. Ne5 Nfe4 21. Nxe4
Nxe4 22. Bxe4 dxe4 23. Nxf7 1-0

[Event "SR 1. liga zapad 2010/2011"]
[Site "?"]
[Date "2010.11.06"]
[Round "1.6"]
[White "Janko, Michal"]
[Black "Bezuch, Martin"]
[Result "1-0"]
[WhiteElo "2271"]
[BlackElo "2198"]
[PlyCount "107"]
[EventDate "2010.??.??"]

1. b3 c5 2. Bb2 Nf6 3. e3 e6 4. Nf3 Be7 5. c4 O-O 6. g3 d6 7. Bg2 Nbd7 8. O-O
Rb8 9. Nc3 a6 10. a4 b6 11. d4 Re8 12. Qc2 Qc7 13. Rfd1 Bb7 14. d5 exd5 15.
cxd5 Bf8 16. h3 Bc8 17. Nd2 h6 18. Ne2 Qd8 19. e4 Nh7 20. Nc4 Qg5 21. Bc1 Qf6
22. Bb2 Qg5 23. Bc1 Qf6 24. Rb1 Ne5 25. f4 Nd7 26. b4 Qd8 27. b5 axb5 28. axb5
Ra8 29. Bb2 Bb7 30. Ra1 Rxa1 31. Rxa1 Nhf6 32. Qd3 Qc7 33. e5 Nh7 34. Be4 Ng5
35. fxg5 hxg5 36. e6 fxe6 37. Bh7+ Kh8 38. Qg6 Bxd5 39. Qh5 Nf6 40. Bxf6 gxf6
41. Qxe8 Bxc4 42. Qxf8+ Kxh7 43. Kf2 Kg6 44. Qe8+ Kf5 45. Qc6 Qh7 46. Qf3+ Ke5
47. Qe3+ Qe4 48. Qxe4+ Kxe4 49. Ra6 d5 50. Rxb6 d4 51. Rb8 Bd5 52. Rc8 c4 53.
b6 c3 54. Nxc3+ 1-0